Biblioteca

Cultura y Evangelización / Antonio Do Carmo Cheuiche (Registro nro. 44692)

Detalles MARC
000 -LÍDER
Campo fijo de descripción fija 009630000a22002290004500
020 ## - NÚMERO INTERNACIONAL NORMALIZADO PARA LIBROS
Número Internacional Normalizado del libro 958-625-233-7
041 0# - CÓDIGO DE IDIOMA
Código de idioma para texto/pista de sonido o título separado
082 04 - NÚMERO DE CLASIFICACIÓN DECIMAL DEWEY
Número de clasificación G 269.2 C526c
001 - NÚMERO DE CONTROL
Campo de control 18223
100 1# - ASIENTO PRINCIPAL--NOMBRE PERSONAL
Nombre personal Cheuiche, Antonio Do Carmo
245 10 - TÍTULO
Título del Material Cultura y Evangelización / Antonio Do Carmo Cheuiche
260 ## - PUBLICACIÓN, DISTRIBUCIÓN, ETC. (PIE DE IMPRENTA)
Lugar de publicación, distribución, etc. Bogotá / Consejo Episcopal Latinoamericano (CELAM)
300 ## - DESCRIPCIÓN FÍSICA
Extensión 237 p.
336 ## - CONTENT TYPE
Content type term texto
Content type code txt
Source rdacontent
337 ## - MEDIA TYPE
Source rdamedia
Media type term sin mediación
Media type code n
338 ## - CARRIER TYPE
Source rdacarrier
Carrier type term volumen
Carrier type code nc
501 ## - NOTA DE “CON”
Nota de Contenido rústico
505 00 - NOTA DE CONTENIDO
Nota de contenido con formato preestablecido Obras y artículos de Dom Antonio Do Carmo Cheuiche recogidas en este libro - Apuntes sobre cultura - Relaciones entre religión y cultura - Evangelización de la cultura e Inculturación del evangelio - La inculturación del evangelio en América Latina - Desafíos y programas prioritarios - Suplementos
650 14 - ASIENTO SECUNDARIO DE MATERIA - TERMINO TEMÁTICO
Término temático o nombre geográfico como elemento de entrada EVANGELIZACION \ ACULTURACION - EVANGELIZACION \ TEOLOGIA SOCIAL
942 ## - TIPO DE MATERIAL (KOHA)
Tipo de Item KOHA Libros General
Existencias
Estado de Material Estado de Perdido Estado de Dañado No para Préstamo Colección Tomo Biblioteca de Origen Biblioteca Permanente Fecha de Adquisición Total de Préstamos Total de Renovaciones Signatura Topográfica Código de Barras Última vez visto Última vez Préstado Ejemplar/Existencia Fecha de Remplazo Tipo de Material
        Colección General   Biblioteca FUSBC Biblioteca FUSBC 14/04/2014 2 1 G 269.2 C526c 18248 10/06/2021 04/06/2021 2016-12-02 26/01/2016 Libros General

Biblioteca FUSBC | Teléfono: (57+4) 349 88 10 Ext. 141| WhatsApp (+57) 3005338115 
E-mail: biblioteca@unisbc.edu.co | Calle 76 87-14 Robledo Palenque, Medellín, Colombia

Con tecnología Koha